=LDR 00000nam 2200000 4500 =001 INLIS000000000014355 =005 20200226065729 =035 ##$$a 0010-061300000014355 =008 200226################g##########0#ind## =041 ##$$a Ind =082 ##$$a 155.2 =090 ##$$a 155.2, Lut m =100 ##$$a Luturmas, E =245 1#$$a Merangkai Perestasi Dalam Tantangan /$c Drs. E. Luturmas =260 ##$$a Jakarta :$b Mitra gama widya,$c 2000 =300 ##$$a ix, 98 hlm : $b ilus ; $c 19,5 x 14 cm =650 #4$$a Budi pekerti =850 ##$$a NBPNMAT =020 ##$$a 979-507-308-7 =084 ##$$a 155.2 LUT m =250 ##$$a Cet.1 =504 ##$$a Bibliografi :halaman 97-98 =990 ##$$a 30501134 =990 ##$$a 30501135 =990 ##$$a 30501136 =990 ##$$a 30501137